| 000 | 00726nam a2200241Ia 4500 | ||
|---|---|---|---|
| 008 | 131103s9999 xx 000 0 und d | ||
| 020 |
_a8177581619 _cRs.570.00 |
||
| 040 | _aLoreto College | ||
| 041 | _aEnglish | ||
| 082 |
_a005.13(U)/RUM _bLCLIB/47352 |
||
| 100 | _aRumbaugh, James | ||
| 245 | 4 |
_aThe unified modeling language reference manual _cJames Rumbaugh, Ivar Jacobson & Grady Booch |
|
| 250 | _a2nd ed | ||
| 260 |
_aDelhi _bPearson Education _c2006 |
||
| 300 |
_a739p. _c 23cm. |
||
| 504 | _aIncludes index | ||
| 630 | _aProgramming languages | ||
| 650 | _aComputer software - Development | ||
| 651 | _aUML(Computer science) | ||
| 700 | _aJacobson, Ivar | ||
| 850 | _aLCLIB/005.1(U)/RUM | ||
| 942 | _cBK | ||
| 999 |
_c35964 _d86443 |
||